| 000 | 00668cam a2200145 4500500 | ||
|---|---|---|---|
| 005 | 20251228082927.0 | ||
| 041 | _afre | ||
| 042 | _adc | ||
| 100 | 1 | 0 |
_aVerjans, Thomas _eauthor |
| 245 | 0 | 0 | _aBulletin de l’association « Les Amis de Bossuet », no 33, 2006 (actes de la journée d’étude « L’Écriture de l’histoire chez Bossuet » organisée le 19 novembre 2005 en Sorbonne), 1 vol. de 122 p., 16 × 23,8 cm. |
| 260 | _c2008. | ||
| 500 | _a96 | ||
| 786 | 0 | _nDix-septième siècle | 238 | 1 | 2008-02-28 | p. 165d-181d | 0012-4273 | |
| 856 | 4 | 1 | _uhttps://shs.cairn.info/revue-dix-septieme-siecle-2008-1-page-165d?lang=fr&redirect-ssocas=7080 |
| 999 |
_c1600158 _d1600157 |
||